000
00237nam a22001217a 4500
003
SGT
082
_a
325.21
_b
RAI
100
_a
RAI RAGHU
245
_a
REFUGEES IN INDIA
250
_a
1
260
_a
INDIA
_b
UNHCR
_c
2015
942
_2
ddc
_c
BK
999
_c
33445
_d
33445